रामचरितमानस और कामायनी / (Record no. 16925)

MARC details
000 -LEADER
fixed length control field 01320nam a22002897a 4500
005 - DATE AND TIME OF LATEST TRANSACTION
control field 20190122151809.0
008 - FIXED-LENGTH DATA ELEMENTS--GENERAL INFORMATION
fixed length control field 081021t xxu||||| |||| 00| 0 hin d
010 ## - LCCN (DPL NO)
LC control number HIN-84460
020 ## - INTERNATIONAL STANDARD BOOK NUMBER
International Standard Book Number 9788181436979
Terms of availability 395.00
035 ## - SYSTEM CONTROL NUMBER
System control number HN-56806, B-247271, B-247276
037 ## - SOURCE OF ACQUISITION
Source of stock number/acquisition DBAD / PUB
040 ## - CATALOGING SOURCE
Original cataloging agency DPL
Language of cataloging HN
082 ## - DEWEY DECIMAL CLASSIFICATION NUMBER
Classification number 821.08
100 ## - MAIN ENTRY--PERSONAL NAME
Personal name चौधरी, मटुक नाथ
245 ## - TITLE STATEMENT
Title रामचरितमानस और कामायनी /
Statement of responsibility, etc मटुक नाथ चौधरी
246 ## - VARYING FORM OF TITLE
Title proper/short title Ramcharitmanas aura kamaayani
Remainder of title by Matuk Nath Choudhary
260 ## - PUBLICATION, DISTRIBUTION, ETC. (IMPRINT)
Place of publication, distribution, etc नई दिल्ली
Name of publisher, distributor, etc वाणी प्रकाशन
Date of publication, distribution, etc 2008
270 ## - ADDRESS
Address 21-ए, दरियागंज
City नई दिल्ली
Postal code 110002
Telephone number 011- 23273167, 23275710
Fax number 23275710
Electronic mail address vaniprakashan@gmail.com
300 ## - PHYSICAL DESCRIPTION
Extent 220पृ
Dimensions 22सेमी (सजिल्द)
600 ## - SUBJECT ADDED ENTRY--PERSONAL NAME
Personal name तुलसीदास, रामचरितमानस
600 ## - SUBJECT ADDED ENTRY--PERSONAL NAME
Personal name Tulsidas, Ramacharitamaansa
600 ## - SUBJECT ADDED ENTRY--PERSONAL NAME
Personal name प्रसाद, जयशंकर, कामायनी
600 ## - SUBJECT ADDED ENTRY--PERSONAL NAME
Personal name Prasad, Jaishankar, Kamaayani
600 ## - SUBJECT ADDED ENTRY--PERSONAL NAME
Personal name राम ( हिन्दू देवता ) साहित्य में
600 ## - SUBJECT ADDED ENTRY--PERSONAL NAME
Personal name Rama (Hindu deity) in literature
942 ## - ADDED ENTRY ELEMENTS (KOHA)
Source of classification or shelving scheme Dewey Decimal Classification
Item type Hindi Books
Call number suffix चौधरी
Classification part 821.08
Holdings
Withdrawn status Lost status Source of classification or shelving scheme Damaged status Not for loan Collection code Home library Current library Date acquired Source of acquisition Cost, normal purchase price Total Checkouts Full call number Barcode Date last seen Copy number Cost, replacement price Koha item type Shelving location Total Renewals
    Dewey Decimal Classification   Not For Loan Non-fiction D.B.Act.Division D.B.Act.Division 21/10/2008 DBAD / PUB 395.00   821.08 चौधरी HN-56806 21/10/2008 1 395.00 Hindi Books    
    Dewey Decimal Classification     Non-fiction Sarojini Nagar Sarojini Nagar 06/02/2017 DPL 395.00 1 821.08 चौधरी B-247277 01/12/2022 1 395.00 Hindi Books On Display  
    Dewey Decimal Classification     Non-fiction Sarojini Nagar Sarojini Nagar 12/10/2018     1 821.08 चौधरी B-247279 05/11/2020     Hindi Books    
    Dewey Decimal Classification     Non-fiction Sarojini Nagar Sarojini Nagar 07/01/2019       821.08 चौधरी B-247259 07/01/2019     Hindi Books    
    Dewey Decimal Classification     Non-fiction Shahdara Branch Shahdara Branch 18/09/2018 BPPD/PUB 395.00 5 821.08 चौधरी B-247271 26/12/2025   395.00 Hindi Books   5
    Dewey Decimal Classification     Non-fiction Shahdara Branch Shahdara Branch 22/01/2019 BPPD/PUB 395.00   821.08 चौधरी B-247276 22/01/2019   395.00 Hindi Books    
    Dewey Decimal Classification     Non-fiction Yojana Vihar Yojana Vihar 12/10/2019 BPPD/PUB 395.00   821.08 चौधरी B-247272 12/10/2019   395.00 Hindi Books    

© Delhi Public Library
Hit Counter
free hit counter